000 00929nam a2200277 4500
003 EG-GICUC
005 20260408092402.0
008 260408s2005 -us||||fr|||| 00| 0 eng d
040 _aEG-GiCUC
_beng
_cEG-GiCUC
_dEG-GiCUC
_erda
041 0 _aeng
082 0 4 _221
_a341.48
_bRA . U
092 0 4 _221
099 _aLaw1 11 341.48 RA . U 2005
100 1 _aRamcharan, Bertrand
_eAuthor.
245 1 4 _aThe united nations high commissioner for human rights and international humanitarian law /
_cBertrand Ramcharan.
264 1 _a[Place of publication not specified] :
_bHarvard University ,
_c2005.
300 _a46 pages ;
_c24 cm
336 _2rda content
_atext
337 _2rda media
_aComputer
338 _2rda carrier
_aOnline Resource
546 _aText in English
650 1 4 _aPublic international law
856 4 0 _uhttps://fll.law.cu.edu.eg/fulltext/bks/B11-09693.pdf
905 _a30
942 _2ddc
_cBK
_e21
_n0
999 _c69541
_d69541